Flagi podobne do flagi Polski - Statystyki

Ogólne statystyki
  • Ten quiz został rozwiązany 28 razy
  • Średni wynik to 9 z 10
Statystyki odpowiedzi
Obrazkowy Odpowiedź % Poprawnych
Austria
96%
Czechy
96%
Chile
88%
Indonezja
88%
Malta
88%
Monako
88%
Singapur
84%
Bahrajn
80%
Peru
80%
Jemen
76%
Nie znaleziono quizów pasujących do podanych kryteriów
Rozkład punktacji
Procent ludzi z każdym wynikiem
Percentyl według liczby udzielonych odpowiedzi
Twoja historia wyników
Nie rozwiązałeś tego quizu